LEADER 01274nam a2200277 i 4500 001 000000160060 003 CaOOAMICUS 005 20070312000000.0 008 070312s1982 it u000 u ita u 013 $a137423 040 $aSeMil$bita 100 1 $aWagner, Cosima.$0(OLS)http://semarc/name/42102 240 14$aDas zweite Leben Briefe und Aufzeichnungen 1883-1930.$0(OLS)http://semarc/title/142438 245 13$aLa mia vita a Bayreuth :$blettere e appunti 1883-1930 /$cCosima Wagner ; A cura di Dietrich Mack ; Traduzione dal tedesco di Umberto Gandini. 260 $aMilano :$bRusconi,$c1982. 300 $a905 p., [24] p. di tav. :$bill. ;$c22 cm. 500 $aFondo Card. Giovanni Colombo. 650 4$aWagner, Cosima - Lettere e carteggi.$0(OLS)http://semarc/subject/17299 700 1 $aGandini, Umberto,$d<1935-2021>.$0(OLS)http://semarc/name/18533 700 1 $aMack, Dietrich.$0(OLS)http://semarc/name/42103 850 $aSeMil 852 $aSeMil$W1$xVenegono$y1$m3Q III 29$j111551$B111551$CSeMilBibl$Z2$F121424 $81 941 1 $a3 961 $aLascito: Colombo Card. Giovanni 996 $6245$aLa mia vita a Bayreuth :$blettere e appunti 1883-1930$9(OLS)http://semarc/title/142437 996 $6260$aMilano :$bRusconi$9(OLS)http://semarc/publisher/30258 LEADER 00889nam a2200217 i 4500 001 000000058635 003 CaOOAMICUS 005 20090717000000.0 008 090717s1948 it u000 u ita u 013 $a29807 040 $aSeMil$bita 100 1 $aFederici, Domenico.$0(OLS)http://semarc/name/29907 245 10$aGregorio 16. tra favola e realtà /$cDomenico Federici. 260 $aRovigo :$bIstituto padano di arti grafiche,$ccopyr. 1948. 300 $a277 p. ;$c21 cm. 500 $aContiene : Specchio bibliografico. 600 04$aGregorio XVI .$0(OLS)http://semarc/subject/3525 850 $aSeMil 852 $aSeMil$W1$xVenegono$y1$m3C I 189$j243637$B24788$CSeMilBibl$Z2$F24791 $81 996 $6245$aGregorio 16. tra favola e realtà$9(OLS)http://semarc/title/91447 996 $6260$aRovigo :$bIstituto padano di arti grafiche$9(OLS)http://semarc/publisher/30752